| 000 | 00486cam a2200181 a 4500 | ||
|---|---|---|---|
| 020 | _a0026409143 (student text) | ||
| 040 | _cDLC | ||
| 082 | 0 | 0 | _a478 GLE 1997 A022 Or. |
| 100 | 1 | _aUllman, B. L. | |
| 245 | 1 | 0 | _aLatin for Americans. |
| 260 |
_aNew York : _bGlencoe/McGraw-Hill, _cc1997. |
||
| 300 |
_axi, 396 p. : _bill. (chiefly col.) ; _c27 cm. |
||
| 500 | _aIncludes index. | ||
| 650 | 0 | _aLatin language | |
| 650 | 0 | _aLatin language | |
| 700 | 1 | _aSuskin, Albert I. | |
| 942 | _cEK | ||
| 999 |
_c12059 _d12059 |
||